000 00515nam a2200193Ia 4500
005 20250326125120.0
008 250326s9999 xx 000 0 und d
037 _aTextbook
040 _aFMSL
_beng
_cFMSL
041 _aeng
_2eng
084 _aX:9 L8
_qFMSL
100 _aReynolds L G
245 0 _aLabour economics and labor relations
_cReynolds L G
250 _a7
260 _aNew Delhi
_bNew Delhi, Prentice-Hall
_c1978
300 _a650p
942 _cTB
_hX:9 L8
999 _c1276610
_d1276610